00916nam a2200241Ia 4500003000400000005001700004008004100021020001800062040001800080041000800098082002100106100003000127245010200157250001200259260004700271300003000318650003600348650003500384650003400419942002900453999001900482952017300501OSt20260314092051.0210716s2009 xx 000 0 und d a9788120321342 cAIMIT LIBRARY aeng a658.40422bNICJ aNicholas, John M.9258686 aProject management for business and technology :bPrinciples and practice /cBy John M. Nicholas. a2nd ed. aNew Delhi :bPHI Learning Pvt Ltd ,c2009. axix,603 p.;bPBc23.5 cm. aPhilosophy and concepts9258687 aSystems and procedures9258722 aOrganization behavior9258723 2ddccBKe2k658.404 NICJ c190569d190569 00102ddc40738MCAaAIMITbAIMITcPMeKnowledge Worldg395.00iBill no:703; Bill dt:2010-07-29l0o658.404 NICJpMCA10077r2025-07-21 00:00:00v296.25w2021-07-16yBK